000 00729nam a2200253Ia 4500
003 OSt
005 20220926015855.0
006 a|||||r|||| 00| 0
007 ta
008 220923b |||||||| |||| 00| 0 eng d
020 _a003022666X
037 _cGeneral Book
040 _aRTL
_cRTL
_beng
041 _2eng
_aeng
082 _aU25:8, L7
100 _aWalsh Don Ed.
245 0 _aLaw of the sea
_b Issues in ocean resource managemen
260 _aNew York
_bPraeger U S A
_c1977
300 _axi,268p.
_ccm.
490 _aPraeger special studies in international politices and government
650 _aOceanography
942 _hU25:8, L7
_cGB
_2CC
999 _c632711
_d632711